Sifu Bosses and Areas - Statistics

General Stats
  • This quiz has been taken 47 times
  • The average score is 7 of 10
Answer Stats
Hint Bosses % Correct
Area #2 The Club
100%
Area #3 The Museum
94%
Boss #2 Sean the Fighter
82%
Area #4 The Tower
76%
Boss #4 Jinfeng the CEO
71%
Boss #5 Yang the Leader
71%
Boss #1 Fajar the Botanist
65%
Area #5 The Sanctuary
65%
Area #1 The Squats
59%
Boss #3 Kuroki the Artist
53%
No matching quizzes found
Score Distribution
Percent of People with Each Score
Percentile by Number Answered
Your Score History
You have not taken this quiz